La ley y el delito (Record no. 126621)

MARC details
000 -LEADER
fixed length control field 00493cam a2200157 4500
005 - DATE AND TIME OF LATEST TRANSACTION
control field 20211015123109.0
008 - FIXED-LENGTH DATA ELEMENTS--GENERAL INFORMATION
fixed length control field 170926b1997 ag ||||| |||| 001 0 spa d
050 04 - LIBRARY OF CONGRESS CALL NUMBER
Classification number K5018
Item number J56 1997
100 1# - MAIN ENTRY--PERSONAL NAME
Personal name Jiménez de Asúa, Luis
Relator term autor
245 13 - TITLE STATEMENT
Title La ley y el delito
Remainder of title : principios de derecho penal
Statement of responsibility, etc / Luis Jiménez de Asúa
250 ## - EDITION STATEMENT
Edition statement 11a ed.
260 ## - PUBLICATION, DISTRIBUTION, ETC. (IMPRINT)
Place of publication, distribution, etc Buenos Aires :
Name of publisher, distributor, etc Sudamericana,
Date of publication, distribution, etc 1997
300 ## - PHYSICAL DESCRIPTION
Extent 578 p. :
Dimensions 23 cm.
650 #7 - SUBJECT ADDED ENTRY--TOPICAL TERM
Source of heading or term lemb
Topical term or geographic name as entry element Derecho penal
Geographic subdivision México
942 ## - ADDED ENTRY ELEMENTS (KOHA)
Source of classification or shelving scheme Biblioteca del Cogreso de los Estados Unidos
Koha item type Libro
Holdings
Estado de pérdida Fuente de clasificación Estado del daño No para préstamo Ubicación permanente Ubicación actual Apartado o colección Fecha de adquisición Edición Dependencia de educación superior (DES) Área del conocimiento Clasificación Código de Barras Date last seen Número de copia Costo por reposición Tipo de recurso Nota pública
  Biblioteca del Cogreso de los Estados Unidos     Biblioteca de la Facultad de Derecho y Ciencias Sociales "Felipe J. Tena" Biblioteca de la Facultad de Derecho y Ciencias Sociales "Felipe J. Tena" General 20/09/2017 11a ed. Derecho Ciencias Sociales y Administrativas K5018 J56 r1997 BFD000009611 20/09/2017 1 1.00 Libro 1a reimpresión
  Biblioteca del Cogreso de los Estados Unidos     Biblioteca de la Facultad de Derecho y Ciencias Sociales "Felipe J. Tena" Biblioteca de la Facultad de Derecho y Ciencias Sociales "Felipe J. Tena" General 20/09/2017 11a ed. Derecho Ciencias Sociales y Administrativas K5018 J56 r1997 BFD000009612 20/09/2017 2 1.00 Libro 1a reimpresión
  Biblioteca del Cogreso de los Estados Unidos     Biblioteca de la Facultad de Derecho y Ciencias Sociales "Felipe J. Tena" Biblioteca de la Facultad de Derecho y Ciencias Sociales "Felipe J. Tena" General 20/09/2017 11a ed. Derecho Ciencias Sociales y Administrativas K5018 J56 r1997 BFD000009613 20/09/2017 3 1.00 Libro 1a reimpresión
  Biblioteca del Cogreso de los Estados Unidos     Biblioteca de la Facultad de Derecho y Ciencias Sociales "Felipe J. Tena" Biblioteca de la Facultad de Derecho y Ciencias Sociales "Felipe J. Tena" General 20/09/2017 11a ed. Derecho Ciencias Sociales y Administrativas K5018 J56 r1997 BFD000009614 20/09/2017 4 1.00 Libro 1a reimpresión
  Biblioteca del Cogreso de los Estados Unidos     Biblioteca de la Facultad de Derecho y Ciencias Sociales "Felipe J. Tena" Biblioteca de la Facultad de Derecho y Ciencias Sociales "Felipe J. Tena" General 20/09/2017 11a ed. Derecho Ciencias Sociales y Administrativas K5018 J56 r1997 BFD000009615 20/09/2017 5 1.00 Libro 1a reimpresión